[Event "150th Dundee Grandmaster Chess"]
[Site "Dundee"]
[Date "2017.07.21"]
[Round "7"]
[White "Arakhamia-Grant, Ketevan"]
[Black "Cramling, Pia"]
[Result "1-0"]
[WhiteElo "2364"]
[BlackElo "2444"]
[Annotator "TA"]
[PlyCount "153"]
[EventDate "2017.??.??"]
[EventCountry "SCO"]
[SourceTitle "playchess.com"]
[Source "ChessBase"]
[SourceQuality "1"]

{[%evp 19,153,0,0,-1,8,8,14,13,14,14,16,12,14,13,20,3,25,26,62,69,64,59,70,61,85,90,89,85,83,71,83,75,193,48,71,38,91,32,59,33,41,49,38,-3,-3,-55,-56,-32,-47,-33,-6,-63,-20,-35,0,-39,-42,-33,16,0,12,12,14,18,27,0,0,0,0,0,32,35,115,112,126,25,104,145,250,275,422,326,329,315,331,302,302,302,302,271,290,269,259,84,274,232,209,202,268,247,548,514,521,512,491,493,497,564,558,550,617,609,853,847,858,789,760,781,704,793,689,0,710,0,734,756,743,733,709,703,1392,1362,29984,29985,29985,29986]} 1. e4 c5 2. Nf3 d6 3. Bb5+ Nd7 4. O-O a6 5. Bd3 Ngf6 (5... b5 6. Re1 Bb7 7. a4 b4 8. Bc4 Ngf6 9. d3 e6 10. Nbd2 Be7 11. Nf1 O-O 12. Ng3 d5 {1-0 (50) Vachier Lagrave,M (2783)-Nepomniachtchi,I (2766) Leuven 2017}) 6. c3 {B51: Sicilian: Moscow Variation (3 Bb5+) without 3...Bd7} b5 7. Bc2 Bb7 8. d3 e6 9. Re1 Be7 10. Nbd2 O-O {LiveBook: 4 Games} 11. Nf1 Re8 12. Ng3 Qc7 13. d4 $146 ({Predecessor:} 13. Bg5 h6 14. Bf4 {0-1 (27) Malar,P (2104)-Liptak,T (2108) Slovakia 2013}) 13... cxd4 14. cxd4 Rac8 15. Bd3 e5 16. d5 Nc5 {[%cal Bd7c5,Bc5a4,Ba4c3][%mdl 32]} 17. Bf1 Na4 18. b3 Nc3 19. Qd2 b4 20. Bb2 Qc5 21. Rac1 Bd8 22. h3 Bb6 {[#]} 23. a3 $1 {[%mdl 512]} a5 {[%cal Rb7d5]} (23... bxa3 24. Bxc3) 24. Bd3 Qc7 25. Nf5 h6 (25... Qd8 $16) 26. a4 (26. N3h4 $1 $18 Nh5 27. Bb5 $1 {[%mdl 512]}) 26... Kh7 $14 27. Nh2 Bc5 (27... Rh8 $14) 28. Rc2 (28. Ng4 $16 {Threatens to win with Nxf6+.} Nxg4 29. hxg4) 28... Qb6 29. Bc1 {Strongly threatening Nxg7!} Ng8 $1 30. Ng4 {[%cal Rf5h6]} Qd8 31. g3 Rc7 32. h4 (32. Bb2 $11) 32... h5 $15 33. Nh2 $1 Bc8 34. Ne3 $1 Nf6 35. Nc4 (35. Bb2 $11) 35... Ra7 36. Qg5 Kg8 37. Kh1 Ba6 {aiming for ...Bxc4.} 38. f3 Bc8 (38... Bd4 {feels hotter.} 39. Rg2 Qc7 40. Bb2 Raa8 41. g4 Nh7) 39. Be3 {Black should prevent Bxc5.} (39. Nf1 {is more complex.} Qc7 40. Qd2 Nb1 41. Qh2 Nc3 42. Nfe3) 39... Bxe3 40. Qxe3 Ree7 41. Nf1 Ba6 42. Nb2 Bxd3 43. Nxd3 Rec7 44. Rg2 Rab7 45. Qg5 Kh7 ({Black should try} 45... g6 $14) 46. Ne3 {And now g4 would win.} g6 47. Nb2 (47. g4 $16 Rb8 48. Rh2) 47... Qe7 (47... Rc8 $1 $11 {keeps the balance.}) 48. Nbc4 $16 Rc5 (48... Ra7 $16 49. Ra1 Ra8) 49. g4 $1 $18 {[%cal Bg3g4,Bg4h5][%mdl 32]} Ne8 (49... Nfxd5 $142 50. Nxd5 Nxd5) 50. gxh5 Qxg5 51. Rxg5 Rbc7 52. Kg1 Nxa4 {Black hopes to continue with ...Nc3.} 53. bxa4 Rxc4 54. Nxc4 Rxc4 55. hxg6+ fxg6 {[%mdl 4096] Endgame [#] KRR-KRN} 56. Kf2 $2 (56. h5 $1 $18) 56... b3 $2 (56... Nf6 $16) 57. Rb1 Rc2+ {[#]} 58. Kg3 $1 Rc3 59. h5 gxh5 $2 (59... Nf6 {is tougher.}) 60. Rxh5+ Kg7 61. Kf2 Nf6 62. Rhh1 Rc2+ 63. Ke3 Rc3+ 64. Ke2 Rc2+ 65. Kd3 Ra2 66. Rxb3 Rxa4 67. Rb6 Ra3+ 68. Ke2 Ra2+ 69. Ke3 Ra3+ 70. Ke2 Ra2+ 71. Ke3 Ra3+ 72. Kf2 Ra2+ 73. Kg3 Ra3 74. Rh4 Ne8 75. Rb7+ Kg6 76. Rg4+ Kh6 77. Re7 {Precision: White = 53%, Black = 39%.} 1-0

[Event "150th Dundee Grandmaster Chess"]
[Site "Dundee"]
[Date "2017.07.21"]
[Round "7"]
[White "Pritchett, Craig W"]
[Black "Petr, Martin"]
[Result "0-1"]
[WhiteElo "2326"]
[BlackElo "2486"]
[Annotator "TA"]
[PlyCount "68"]
[EventDate "2017.??.??"]
[EventCountry "SCO"]
[SourceTitle "playchess.com"]
[Source "ChessBase"]
[SourceQuality "1"]

{[%evp 10,68,8,6,14,11,18,9,3,0,-2,-26,4,-71,-71,-90,-52,-52,-27,-35,-29,-25,-32,-18,-12,-34,-32,-47,-48,-37,-31,-43,-52,-107,-98,-91,-91,-98,-108,-107,-98,-202,-183,-224,-237,-223,-226,-281,-247,-268,-252,-376,-364,-476,-326,-587,-584,-592,-594,-878,-878]} 1. e4 {[%cal Be2e4,Be4e5][%mdl 32]} e6 2. d4 d5 3. Nc3 Nf6 4. e5 Nfd7 5. f4 {[%cal Bf2f4,Bf4f5][%mdl 32]} c5 6. Nf3 Be7 {C11: French: Classical System: 4 e5 and 4 Bg5 dxe4} (6... Nc6 7. Be3 Be7 8. Qd2 a6 9. Be2 b5 10. O-O O-O 11. a3 Bb7 12. Nd1 f6 13. c3 Rc8 14. Bd3 Na5 15. Qe2 fxe5 16. fxe5 cxd4 17. cxd4 {1-0 (38) Grischuk,A (2761)-Caruana,F (2808) Paris 2017}) 7. Be3 b6 {[%cal Bb7b6,Bb6b5,Bb5b4][%mdl 32]} 8. Qd2 Nc6 {The position is equal.} 9. O-O-O c4 10. f5 (10. Bxc4 $5 dxc4 11. d5 exd5 12. Qxd5 $11) 10... b5 $1 11. Bg5 (11. Nxb5 $11 Rb8 12. f6 gxf6 13. Nd6+ Bxd6 14. exd6) 11... b4 $1 $17 {[%cal Rb4c3]} 12. Nb5 O-O $146 ({NOTEXT:} 12... Qa5 13. Bxe7 Qxb5 14. Bd6 Nb6 15. Qg5 Rg8 16. f6 {0-1 (28) Celis,K (2090)-Caceres,D (2113) Santa Cruz de la Sierra 2014}) 13. Bxe7 Qxe7 14. fxe6 fxe6 15. Qg5 Rb8 $36 {[%mdl 2048] Black has some pressure.} 16. Nd6 Nb6 $1 17. Qxe7 (17. b3 {is interesting.} Qc7 18. Be2 Ba6 19. Qg4 Nd8 20. Ng5) 17... Nxe7 18. Ng5 Bd7 19. Be2 h6 20. Nh3 c3 21. b3 {[#]} ({White should try} 21. bxc3 $15 Na4 22. cxb4) 21... Nbc8 $1 22. Nxc8 Rbxc8 ({Of course not} 22... Rfxc8 $6 23. Nf4 $11) ({But not} 22... Nxc8 23. g3 $11) 23. Rhf1 Rxf1 24. Rxf1 Nf5 25. Rd1 (25. Rf4 $17) 25... Rf8 26. Bf3 Nh4 27. Ng1 {[#]} g5 $1 28. h3 Kg7 29. Rf1 Bb5 30. Rd1 (30. Rf2 {might work better.}) 30... Nxf3 $19 31. gxf3 Rf4 32. a3 $2 (32. a4 bxa3 33. Kb1) 32... a5 {[%cal Ba7a5,Ba5b4][%mdl 32] Black is clearly winning.} 33. axb4 axb4 34. Kb1 Kg6 {Precision: White = 32%, Black = 87%.} 0-1

[Event "150th Dundee Grandmaster Chess"]
[Site "Dundee"]
[Date "2017.07.22"]
[Round "8"]
[White "Petr, Martin"]
[Black "McNab, Colin A"]
[Result "1-0"]
[WhiteElo "2486"]
[BlackElo "2435"]
[Annotator "TA"]
[PlyCount "77"]
[EventDate "2017.??.??"]
[EventCountry "SCO"]
[SourceTitle "playchess.com"]
[Source "ChessBase"]
[SourceQuality "1"]

{[%evp 12,77,54,50,55,26,19,17,16,-77,-35,-41,-18,-64,-64,-55,-64,-54,-64,-63,-64,-60,-50,-50,-52,-52,-59,-50,-49,-99,-88,-112,-18,-21,14,29,33,29,55,51,43,47,46,17,60,70,70,69,72,73,75,36,93,91,92,31,107,94,761,860,864,868,770,740,1751,2277,1100,1077]} 1. e4 g6 2. d4 d6 3. Nc3 c6 4. Be3 Nf6 5. Qd2 Nbd7 6. f3 Bg7 7. h4 h5 {B07: Pirc Defence: Miscellaneous Systems} (7... b5 8. g4 Nb6 9. h5 Rg8 10. Nh3 b4 11. Nd1 a5 12. a3 bxa3 13. Rxa3 Ba6 14. Bxa6 Rxa6 15. Qe2 Ra8 16. c4 {½-½ (54) Caruana,F (2757)-Kramnik,V (2810) Zuerich 2013}) 8. Nh3 b5 9. Ng5 O-O {The position is equal.} 10. f4 $146 (10. a3 $11) ({Predecessor:} 10. a4 b4 11. Nd1 a5 12. Nf2 e5 13. c3 d5 14. Be2 Qe7 15. O-O Rd8 16. Rac1 {½-½ (23) Szabo,G (2541)-Chatalbashev,B (2561) Pleven 2010}) 10... b4 11. Nd1 c5 12. e5 cxd4 $1 13. Bxd4 dxe5 14. fxe5 Ng4 15. e6 Nde5 16. exf7+ Nxf7 17. Bxg7 Qxd2+ 18. Kxd2 Kxg7 19. Nxf7 Rxf7 20. Bd3 Bb7 21. a3 {[#]} bxa3 ({Black should play} 21... b3 $1 $17 {Threatens to win with ...Rd8.} 22. cxb3 Rd8) 22. Rxa3 $11 e5 (22... Ne5 $5 {[%cal Rb7g2]} 23. Ne3 Rd8 $15) 23. Rg1 e4 {...Rd8 is the strong threat.} 24. Be2 Nh6 25. g4 hxg4 26. Bxg4 Rd8+ 27. Ke1 a6 28. Ne3 Rd6 29. h5 Nxg4 30. Rxg4 Bc8 31. hxg6 Re7 (31... Bxg4 $14 32. gxf7 Bd7) 32. Rf4 $16 Kxg6 33. Rf8 ({White should try} 33. Nc4 $16 Rc6 34. Rg3+ Kh7 35. Kd2) 33... Rc6 {[#]} ({Better is} 33... Be6 $14) 34. Nd5 $1 Re5 $2 {[%mdl 8192]} (34... Rg7 $16) 35. Rg3+ $18 {White is clearly winning.} Kh7 36. Nf6+ Rxf6 37. Rxf6 Rh5 38. Rf7+ Kh6 39. Rf8 {Precision: White = 56%, Black = 37%.} 1-0

[Event "150th Dundee Grandmaster Chess"]
[Site "Dundee"]
[Date "2017.07.22"]
[Round "8"]
[White "Kapnisis, Spyridon"]
[Black "Arkell, Keith C"]
[Result "1/2-1/2"]
[WhiteElo "2464"]
[BlackElo "2424"]
[Annotator "TA"]
[PlyCount "63"]
[EventDate "2017.??.??"]
[EventCountry "SCO"]
[SourceTitle "playchess.com"]
[Source "ChessBase"]
[SourceQuality "1"]

{[%evp 19,63,49,58,18,60,48,64,40,46,41,57,54,64,78,76,68,64,58,70,21,21,20,15,16,20,14,19,11,11,11,12,11,11,0,4,0,0,0,0,0,0,0,0,0,0,0]} 1. c4 c5 2. Nf3 Nc6 3. d4 cxd4 4. Nxd4 g6 5. e4 Bg7 6. Be3 Nf6 7. Nc3 d6 8. Be2 Bd7 9. O-O Nxd4 10. Bxd4 O-O 11. b4 {B38: Sicilian: Maroczy Bind with 5...Bg7 and 7...0-0} (11. Qd2 Bc6 12. f3 a5 13. b3 Nd7 14. Be3 Nc5 15. Rab1 e6 16. Rfd1 Be5 17. g3 Qe7 18. Rbc1 Rad8 19. Re1 b6 20. Bf1 Qb7 21. Bg5 Rd7 22. Bh6 Bg7 23. Rcd1 Bxh6 24. Qxh6 f5 25. Bh3 fxe4 26. fxe4 Rdd8 27. Qe3 {½-½ (27) Rodshtein,M (2689)-Mista,A (2593) Drancy 2016}) 11... b6 12. Rc1 $146 ({Predecessor:} 12. a3 Rc8 13. Qd3 Bc6 14. Rac1 Nd7 15. Bxg7 Kxg7 16. f4 Kg8 17. Rfd1 Qc7 18. Qe3 Rfd8 {1-0 (28) Mosquera,M (2390)-Beltran,C (2225) Santa Rosa 2011}) 12... Bc6 13. f3 {[%cal Bf2f3,Bf3f4,Bf4f5][%mdl 32] White is slightly better.} a5 14. a3 axb4 15. axb4 Nd7 16. Bxg7 Kxg7 17. f4 Nf6 18. Bf3 {[#] Strongly threatening e5.} e5 19. f5 b5 {The position is equal.} 20. cxb5 Qb6+ 21. Kh1 Bxb5 22. Nxb5 Qxb5 23. fxg6 hxg6 24. Qxd6 Ra6 25. Qc5 Rb6 26. h3 Re8 27. Qxb5 (27. Rc4 {keeps more tension.} Qxc5 28. bxc5 Rc6 29. Rfc1 Rec8 30. Be2) 27... Rxb5 28. Rc4 Reb8 29. Rc5 Rxc5 30. bxc5 Rc8 31. Rc1 Rc6 32. h4 {Precision: White = 52%, Black = 84%.} 1/2-1/2

[Event "150th Dundee Grandmaster Chess"]
[Site "Dundee"]
[Date "2017.07.22"]
[Round "8"]
[White "Greet, Andrew N"]
[Black "Arakhamia-Grant, Ketevan"]
[Result "1-0"]
[WhiteElo "2447"]
[BlackElo "2364"]
[Annotator "TA"]
[PlyCount "131"]
[EventDate "2017.??.??"]
[EventCountry "SCO"]
[SourceTitle "playchess.com"]
[Source "ChessBase"]
[SourceQuality "1"]

{[%evp 14,131,19,0,162,189,148,141,157,76,92,29,30,22,72,17,26,20,10,35,29,6,53,47,85,75,93,36,40,22,48,-14,12,11,15,-19,-43,-30,-17,-31,-39,-37,143,150,135,128,133,-30,-20,-57,12,12,71,73,61,62,178,196,306,274,286,270,326,324,311,222,225,218,226,221,239,231,198,191,271,264,275,271,275,177,162,0,270,264,264,262,310,228,532,425,522,495,543,368,666,684,3154,3410,5338,4789,3661,365,5435,4602,8575,5169,12836,11894,5933,588,29972,29973,29979,29981,29981,29982,29983,29984,29985,29986]} 1. d4 Nf6 2. Nf3 g6 3. Nbd2 d5 4. e3 Bg7 5. b4 O-O 6. c4 a5 {D02: 1 d4 d5 2 Nf3 sidelines, including 2...Nf6 3 g3 and 2...Nf6 3 Bf4} (6... c6 7. a4 Bf5 8. Bb2 Ne4 9. Nxe4 Bxe4 10. Nd2 Bf5 11. Be2 Nd7 12. O-O e5 13. cxd5 cxd5 14. Nf3 {½-½ (37) Grachev,B (2628)-Rakhmanov,A (2662) Sochi 2016}) 7. b5 c5 8. dxc5 {LiveBook: 4 Games} Nfd7 $2 (8... Ng4 $11 {and Black has nothing to worry.} 9. Ba3 d4) 9. Ba3 $18 Bxa1 10. Qxa1 Nf6 11. Qd4 $146 ({White should try} 11. cxd5 {Black must now prevent e4.} Nxd5 12. Bc4) ({Predecessor:} 11. Be2 Bg4 12. h3 Bxf3 13. Bxf3 Qd7 14. Qb2 {½-½ (24) Georgescu,T (2452)-Petrisor,A (2402) Mamaia 2015}) 11... Be6 12. h4 (12. Ng5 $16) 12... dxc4 $1 $11 13. Nxc4 Nbd7 14. h5 (14. Be2 $1 $16) 14... Nxh5 15. Ng5 Ndf6 16. Nxe6 fxe6 17. Qxd8 Rfxd8 {[#]} 18. g4 $1 {[%mdl 512]} Ng7 (18... Nxg4 19. Bh3) 19. Bg2 $1 {[%cal Rg2b7][%mdl 1024] White has strong compensation.} Nd5 20. O-O (20. b6 $16) 20... Ne8 $14 21. Bb2 a4 22. Be5 (22. Bd4 $14) 22... Rac8 23. Na5 Rd7 24. Rc1 Nd6 25. Bf1 Nf7 26. Bb2 Rdc7 27. e4 Nf6 $2 (27... Rxc5 $15 {keeps the upper hand.} 28. Rxc5 Rxc5 29. exd5 exd5) 28. c6 $16 bxc6 29. b6 $1 {[%cal Rb6c7]} (29. Nxc6 Kf8 $11) 29... Rd7 30. b7 $2 ({White must play} 30. Nxc6 $16 Ra8 31. Nxe7+ Rxe7 32. Bxf6) 30... Rb8 $1 $11 31. Ba6 Nd8 (31... Nxe4 $15 32. Rxc6 Nfd6) 32. Be5 $36 {[%mdl 2048] White has good play.} Nxb7 (32... Rbxb7 $1 $11 {keeps the balance.} 33. Nxb7 Nxb7) 33. Bxb8 $16 Nxa5 34. Bc8 Rd2 ({Better is} 34... Rd4 $14) 35. Bc7 $18 (35. Bxe6+ $6 Kf8 $16) 35... Nxe4 (35... Nb7 $142) 36. Bxa5 ({But not} 36. Bxe6+ Kf8 $18) 36... Rxf2 37. Bxe6+ Kg7 38. Bc3+ (38. Rxc6 Rf3 $18) 38... Kh6 39. Re1 Rc2 40. Rxe4 Rxc3 41. Rxa4 {[%mdl 4096] Endgame KRB-KR} Re3 42. Bb3 Kg5 43. Kf2 Rd3 (43... Rh3 {was worth a try.} 44. Re4 e5 45. Rxe5+ Kxg4) 44. Re4 e5 45. Bc4 Rc3 46. Be2 ({Resist} 46. Rxe5+ $6 Kxg4 47. Rc5 Kf4 $18) 46... Ra3 47. Bc4 (47. Rxe5+ $142 Kf4 48. Re7) 47... Rc3 48. Ke2 ({Don't play} 48. Rxe5+ $6 Kxg4 49. Rc5 Kf4 $16) 48... Kf6 49. Kd2 Rg3 50. Kc2 h5 $2 (50... Ra3 51. Kb2 Ra8) 51. gxh5 gxh5 52. a4 {[%cal Ba2a4,Ba4a5,Ba5a6][%mdl 32]} Rh3 53. Kb2 Kf5 $2 (53... Ke7 54. Rxe5+ Kd6) 54. Re1 e4 55. a5 Rg3 56. a6 Rg7 {[#]} 57. Kc3 $2 (57. Bf7 $1 {[%mdl 512] a7 would kill now.} Rg2+ (57... Rxf7 58. Rf1+) 58. Kc3 Rg3+ 59. Kb4 c5+ 60. Ka4) 57... h4 $2 (57... Ke5 58. Ra1 Ra7 59. Ra5+ Kd6 60. Rxh5 Rg7) 58. Kd4 {White threatens Rf1+ and mate.} Re7 59. Kc5 h3 60. Kb6 Kf4 61. Bf1 (61. a7 $142 Re8 62. Kxc6) 61... h2 {[#]} 62. Bg2 $1 {White mates.} Kg3 63. Bh1 e3 64. Re2 Rh7 65. a7 Rh8 66. Bxc6 {Precision: White = 56%, Black = 32%.} 1-0

[Event "150th Dundee Grandmaster Chess"]
[Site "Dundee"]
[Date "2017.07.22"]
[Round "8"]
[White "Cramling, Pia"]
[Black "Rozentalis, Eduardas"]
[Result "1/2-1/2"]
[WhiteElo "2444"]
[BlackElo "2509"]
[Annotator "TA"]
[PlyCount "120"]
[EventDate "2017.??.??"]
[EventCountry "SCO"]
[SourceTitle "playchess.com"]
[Source "ChessBase"]
[SourceQuality "1"]

{[%evp 12,120,40,47,58,41,62,45,69,69,72,24,97,57,92,74,102,100,99,99,113,87,117,118,114,112,119,77,94,99,118,115,125,120,146,140,184,141,110,108,170,133,147,94,101,79,73,83,72,54,41,41,43,41,41,41,38,44,41,26,20,7,7,7,13,0,0,-18,35,52,90,87,77,83,114,-75,-75,-77,-76,-74,-72,-107,-81,-77,-68,-68,-68,-68,-68,-62,-54,-58,-52,-26,-16,-16,-16,-16,0,0,0,0,0,0,0,0,0,0,0,0,0]} 1. Nf3 b5 2. d4 Nf6 3. c3 e6 4. Bg5 Bb7 5. Nbd2 Be7 6. e3 a6 7. Bd3 h6 {A46: 1 d4 Nf6 2 Nf3 e6: Torre, London and Colle Systems} (7... O-O 8. a4 bxa4 9. Rxa4 h6 10. Bxf6 Bxf6 11. Qe2 d6 12. O-O Re8 13. Rfa1 e5 14. dxe5 Bxe5 15. Nxe5 Rxe5 16. Be4 Bxe4 17. Rxe4 Rxe4 18. Nxe4 a5 19. Qb5 Ra6 20. h3 Rb6 {½-½ (20) Radjabov,T (2673)-Mamedyarov,S (2646) Baku 2005}) 8. Bxf6 $146 ({Predecessor:} 8. Bh4 d5 9. Ne5 Nbd7 10. Nxd7 Nxd7 11. Bxe7 Qxe7 12. f4 c5 13. Nf3 c4 14. Bc2 a5 15. O-O {½-½ (55) Roels,F (1941)-Mollekens,R (2054) Antwerp 2011}) 8... Bxf6 9. a4 bxa4 {White is slightly better.} 10. Qxa4 O-O 11. Nc4 Nc6 (11... Bxf3 $11 {keeps the balance.} 12. gxf3 d5) 12. O-O d6 13. Ra2 g5 14. Rfa1 Bg7 15. Qd1 f5 16. Nfd2 g4 17. Na5 Nxa5 18. Rxa5 Rb8 19. R1a2 h5 20. Bxa6 Ba8 21. Bc4 Qe7 22. Qe2 d5 23. Bd3 e5 24. dxe5 Qxe5 25. Nf1 Rbe8 (25... Bb7 $16 {is a better defense.}) 26. Qd2 h4 27. Bc4 (27. g3 $142) 27... c6 $16 28. Bd3 Bb7 29. Ra7 Bc8 30. Ba6 Be6 31. Qd4 f4 32. Qxe5 Bxe5 33. exf4 Rxf4 34. Bd3 Rf6 35. Ra1 (35. Ra8 $5 {[%cal Ra8e8]} Kf8 36. g3 $14) 35... Ref8 36. Re1 Bd6 {And now ...Bc5 would win.} 37. b4 $1 c5 38. Ra6 Bc8 39. Ra5 c4 ({Better is} 39... Bc7 $11 40. Rxc5 Bb6) 40. Be2 $14 Be6 41. Ne3 g3 42. fxg3 hxg3 43. hxg3 $2 (43. Rd1 $16 {stays on course.}) 43... Bxg3 $17 44. Rf1 {[#]} Rxf1+ $1 45. Nxf1 Bf2+ 46. Kh2 Rf6 47. g4 Be1 {Strongly threatening ...Rf2+.} 48. Ng3 $1 ({Don't capture} 48. Ra8+ $2 Rf8 $19) 48... Bxc3 49. Kg2 Bxb4 50. Rb5 Be1 {[#] aiming for ...Rf2+.} 51. Nf5 $1 {[%mdl 512]} Bxf5 52. gxf5 Rxf5 $15 {[%mdl 4096] Endgame KRB-KRB} 53. Bf3 {The position is equal.} c3 54. Rxd5 c2 {( -> ...Rxd5)} 55. Rd8+ Rf8 (55... Kg7 $5 56. Rc8 $8 Kf6 $11) 56. Bd5+ Kg7 57. Rd7+ Kh6 (57... Kh8 $5 58. Rc7 $8 Rf5 $11) 58. Rc7 Rf2+ 59. Kh3 Re2 {Hoping for ...Re3+.} 60. Kg4 Ba5 {Precision: White = 60%, Black = 50%.} 1/2-1/2

[Event "150th Dundee Grandmaster Chess"]
[Site "Dundee"]
[Date "2017.07.22"]
[Round "8"]
[White "Pritchett, Craig W"]
[Black "Williams, Simon K"]
[Result "0-1"]
[WhiteElo "2326"]
[BlackElo "2442"]
[Annotator "TA"]
[PlyCount "74"]
[EventDate "2017.??.??"]
[EventCountry "SCO"]
[SourceTitle "playchess.com"]
[Source "ChessBase"]
[SourceQuality "1"]

{[%evp 11,74,24,36,44,33,41,33,29,49,40,50,0,0,-4,133,140,160,156,252,165,158,144,145,146,192,185,183,197,180,27,31,16,20,-145,-110,-97,-100,-93,-110,-112,-73,-84,-41,-254,-270,-277,-265,-270,-235,-255,-264,-264,-260,-287,-255,-494,-523,-504,-352,-833,-825,-1383,-1332,-1144,-466]} 1. Nf3 Nc6 2. e4 e5 3. Bb5 {[%cal Bf1b5,Bb5a4,Ba4b3,Bb3d5][%mdl 32]} a6 4. Ba4 g6 5. O-O Bg7 6. c3 d6 7. d4 {C60: Ruy Lopez: Unusual Black 3rd moves and 3...g6} b5 (7... Bd7 8. d5 Nce7 9. Bxd7+ Qxd7 10. c4 h6 11. Nc3 f5 12. Ne1 Nf6 13. f3 O-O 14. Nd3 g5 15. exf5 Qxf5 16. Nf2 b5 17. Qe2 c6 18. Nfe4 Nxe4 19. Nxe4 bxc4 20. Nxd6 {0-1 (53) Gopal,G (2579)-Caruana,F (2827) Caleta 2017}) 8. Bb3 exd4 9. cxd4 {White is slightly better.} Nf6 10. e5 $146 ({Predecessor:} 10. Re1 O-O 11. a4 Bg4 12. axb5 axb5 13. Rxa8 Qxa8 {½-½ (24) Dmitriev,A (1983)-Lebedenko,N (2089) Petrozavodsk 2012}) 10... dxe5 11. dxe5 (11. Nxe5 $14 Nxe5 12. dxe5 Qxd1 13. Rxd1) 11... Qxd1 $11 12. Rxd1 Nd7 (12... Ng4 $11 {keeps the balance.}) 13. Bd5 $36 {[%mdl 2048] Black is under strong pressure.} Ndb8 14. Nc3 {[%cal Bb1c3,Bc3e4,Be4g5][%mdl 32]} Be6 (14... O-O $16 {keeps fighting.} 15. Bf4 b4) 15. Be3 b4 16. Ne4 {Black must now prevent Bxe6.} Bxd5 17. Rxd5 Nd7 18. Rc1 Ncxe5 19. Nxe5 ({Resist} 19. Rxc7 $6 O-O $16) 19... Bxe5 20. Rcd1 $2 {[#]} (20. Rxe5+ $18 Nxe5 21. Bd4) 20... O-O-O $11 21. Ng5 $1 {[%cal Rg5f7]} Rhf8 $1 22. Bc5 $2 (22. Nxh7 $11 Nf6 23. Nxf6 Bxf6 24. b3) 22... Nxc5 23. Rxd8+ Rxd8 24. Rxd8+ Kxd8 25. Nxf7+ Ke7 26. Nxe5 $17 {[%mdl 4096] Endgame KN-KN} Kd6 27. Nc4+ $2 (27. f4 $1 $15) 27... Kd5 $19 28. b3 Nd3 29. Kf1 Nc1 30. Ke1 Nxa2 31. Kd2 Kd4 32. f3 Nc3 33. h4 $2 (33. f4) 33... Nb1+ 34. Kc1 {[#]} Na3 $1 {[%cal Ra3c4]} 35. Nd2 $2 (35. Na5) 35... c5 {[%cal Bc7c5,Bc5c4][%mdl 32] Black is clearly winning.} 36. g4 c4 37. Ne4 Ke5 {Precision: White = 33%, Black = 65%.} (37... c3 $142 38. Nd6 Nb5) 0-1